000
00329nam a2200133Ia 4500
008
240624s9999 xx 000 0 und d
041
_a
eng
082
_a
823 MAT
100
_a
MATHUR ANURAG
245
_a
MAKING THE MINISTER SMILE
260
_c
2002
_a
New Delhi
_b
Penguin Book India
300
_a
219 : p. : cm. ; 20
365
_c
RS
999
_c
3827
_d
3827